Začiatok spolupráce v oblasti normalizácie, metrológie a skúšobníctva medzi Slovenskou republikou a Čínskou ľudovou republikou

Nadväzovanie kontaktov medzi Čínou a SR v oblasti normalizácie, metrológie a skúšobníctva. Poznatky z rokovaní s Ústrednou správou pre dohľad nad kvalitou, inšpekciu a karanténu ČĽR, so Štátnym úradom ČĽR pre normalizáciu a s Čínskym národným ústavom pre normalizáciu.

Saved in:
Bibliographic Details
Main Author: Popeliš, Michal
Format: Book Chapter
Language:Slovak
Subjects:
Tags: Add Tag
No Tags, Be the first to tag this record!

MARC

LEADER 00000naa$a2200000$$$4500
001 0025068
005 20230511074317.8
041 0 |a slo 
044 |a SK 
245 1 0 |a Začiatok spolupráce v oblasti normalizácie, metrológie a skúšobníctva medzi Slovenskou republikou a Čínskou ľudovou republikou  |c Michal Popeliš 
520 |a Nadväzovanie kontaktov medzi Čínou a SR v oblasti normalizácie, metrológie a skúšobníctva. Poznatky z rokovaní s Ústrednou správou pre dohľad nad kvalitou, inšpekciu a karanténu ČĽR, so Štátnym úradom ČĽR pre normalizáciu a s Čínskym národným ústavom pre normalizáciu. 
610 2 0 |a normalizácia 
610 2 0 |a Slovensko 
610 2 0 |a Čína 
610 2 0 |a spolupráca medzinárodná 
610 2 0 |a výmena tovarová 
610 2 0 |a kvalita 
100 1 |a Popeliš, Michal